[Event "Sochi Amateur op 6th"]
[Site "Sochi"]
[Date "2019.04.13"]
[Round "9"]
[White "Ofitserian, Armen"]
[Black "Gitelson, Arkady"]
[Result "0-1"]
[WhiteElo "2004"]
[BlackElo "2204"]
[PlyCount "82"]
[EventDate "2019.04.07"]
[EventType "swiss"]
[EventRounds "9"]
[EventCountry "RUS"]
[SourceTitle "CBM 189 Extra"]
[Source "ChessBase"]
[SourceDate "2019.06.03"]
[SourceVersion "1"]
[SourceVersionDate "2019.06.03"]
[SourceQuality "1"]

1. Nf3 g6 2. c4 Bg7 3. Nc3 e5 4. g3 Nc6 5. Bg2 d6 6. d3 f5 7. Bg5 Nf6 8. Nd5 h6 9. Bxf6 Bxf6 10. Rb1 Bg7 11. b4 0-0 12. e3 g5 13. b5 Ne7 14. Nd2 Ng6 15. 0-0 Bd7 16. Nb4 Qc8 17. a4 f4 18. Be4 Bf5 19. Bxf5 Qxf5 20. Qh5 Ne7 21. Ne4 Qe6 22. a5 Rf5 23. a6 bxa6 24. Nxa6 Qd7 25. Qg4 fxe3 26. Qe2 exf2+ 27. Rxf2 Rxf2 28. Qxf2 Kh8 29. Rf1 c6 30. Qg2 Rc8 31. c5 dxc5 32. Naxc5 Qd4+ 33. Kh1 Qd5 34. Qf3 cxb5 35. Qf7 Rf8 36. Qxd5 Rxf1+ 37. Kg2 Nxd5 38. Kxf1 Kg8 39. Kf2 g4 40. Ke2 h5 41. Nb3 Bh6 0-1

[Event "Sochi Amateur op 6th"]
[Site "Sochi"]
[Date "2019.04.11"]
[Round "7"]
[White "Ofitserian, Armen"]
[Black "Kuznetsov, Sergey7777"]
[Result "1-0"]
[WhiteElo "2004"]
[BlackElo "1687"]
[PlyCount "38"]
[EventDate "2019.04.07"]
[EventType "swiss"]
[EventRounds "9"]
[EventCountry "RUS"]
[SourceTitle "CBM 189 Extra"]
[Source "ChessBase"]
[SourceDate "2019.06.03"]
[SourceVersion "1"]
[SourceVersionDate "2019.06.03"]
[SourceQuality "1"]

1. c4 e5 2. d3 f5 3. Nf3 d6 4. g3 Nf6 5. Bg2 Be7 6. 0-0 0-0 7. Nc3 Nc6 8. Rb1 Qe8 9. b4 Qh5 10. b5 Nd8 11. e3 Ne6 12. Nd2 Qh6 13. Nd5 Nxd5 14. Bxd5 Kh8 15. f4 Nd8 16. Bg2 c6 17. bxc6 bxc6 18. Qa4 Bd7 19. Ba3 Ne6 1-0

[Event "Sochi Amateur op 6th"]
[Site "Sochi"]
[Date "2019.04.10"]
[Round "6"]
[White "Palkovich, Denis"]
[Black "Ofitserian, Armen"]
[Result "1-0"]
[WhiteElo "2190"]
[BlackElo "2004"]
[PlyCount "55"]
[EventDate "2019.04.07"]
[EventType "swiss"]
[EventRounds "9"]
[EventCountry "RUS"]
[SourceTitle "CBM 189 Extra"]
[Source "ChessBase"]
[SourceDate "2019.06.03"]
[SourceVersion "1"]
[SourceVersionDate "2019.06.03"]
[SourceQuality "1"]

1. d4 Nf6 2. Bf4 g6 3. e3 Bg7 4. Nf3 0-0 5. Be2 d6 6. h3 c5 7. 0-0 Nc6 8. d5 Nb4 9. Nc3 Qa5 10. Nd2 Qd8 11. e4 Na6 12. Bg3 Nc7 13. a4 b6 14. Nc4 Bb7 15. f4 Qc8 16. Bf3 Ba6 17. Qd3 Rd8 18. Rad1 Rb8 19. e5 dxe5 20. fxe5 Nfxd5 21. Nxd5 Nxd5 22. Bxd5 e6 23. Qf3 exd5 24. Qxf7+ Kh8 25. Nd6 Rxd6 26. exd6 Bxf1 27. d7 Qf8 28. Bxb8 1-0

[Event "Chigorin Memorial 26th"]
[Site "St Petersburg"]
[Date "2018.11.03"]
[Round "8"]
[White "Ofitserian, Armen"]
[Black "Moskaleva, Arina"]
[Result "1-0"]
[WhiteElo "2055"]
[BlackElo "1675"]
[PlyCount "117"]
[EventDate "2018.10.27"]
[EventType "swiss"]
[EventRounds "9"]
[EventCountry "RUS"]
[SourceTitle "CBM 187 Extra"]
[Source "ChessBase"]
[SourceDate "2018.11.04"]
[SourceVersion "1"]
[SourceVersionDate "2018.11.04"]
[SourceQuality "1"]

1. e4 c5 2. Nf3 d6 3. Bc4 Nf6 4. d3 Nc6 5. c3 e6 6. 0-0 Be7 7. Re1 0-0 8. Bb3 d5 9. e5 Nd7 10. d4 cxd4 11. cxd4 f6 12. exf6 Nxf6 13. Nc3 h6 14. a3 Kh8 15. Nh4 Kg8 16. Ng6 Rf7 17. Qd3 Bd6 18. Bc2 Ng4 19. Ne5 Ncxe5 20. dxe5 Bc5 21. Be3 Bxe3 22. Qh7+ Kf8 23. Qh8+ Ke7 24. Qxd8+ Kxd8 25. fxe3 Nxe5 26. e4 dxe4 27. Nxe4 Nc6 28. Rad1+ Kc7 29. Nd6 Rf8 30. b4 a6 31. Be4 Rd8 32. Nc4 Rxd1 33. Rxd1 Bd7 34. Rxd7+ Kxd7 35. Nb6+ Kd6 36. Nxa8 b5 37. Kf2 Ne5 38. Bb7 Nc4 39. Bxa6 Nxa3 40. Kf3 Nc2 41. Ke4 Nxb4 42. Bxb5 Nd5 43. Ba6 Nf6+ 44. Kf3 Nd5 45. Bb7 Nf6 46. Kf4 Nd7 47. Bf3 Nf6 48. Nb6 Ne8 49. Nc4+ Ke7 50. Ke5 Nf6 51. Nb6 g6 52. Be2 g5 53. h3 h5 54. Bb5 g4 55. h4 Ng8 56. Bc4 Nf6 57. Bxe6 Nh7 58. Nd5+ Kf8 59. Nf6 1-0

[Event "Chigorin Memorial 26th"]
[Site "St Petersburg"]
[Date "2018.10.29"]
[Round "3"]
[White "Brikov, Illarion"]
[Black "Ofitserian, Armen"]
[Result "1-0"]
[WhiteElo "2371"]
[BlackElo "2055"]
[PlyCount "83"]
[EventDate "2018.10.27"]
[EventType "swiss"]
[EventRounds "9"]
[EventCountry "RUS"]
[SourceTitle "CBM 187 Extra"]
[Source "ChessBase"]
[SourceDate "2018.11.04"]
[SourceVersion "1"]
[SourceVersionDate "2018.11.04"]
[SourceQuality "1"]

1. d4 Nf6 2. c4 g6 3. Nc3 d5 4. cxd5 Nxd5 5. e4 Nxc3 6. bxc3 Bg7 7. Nf3 c5 8. Be3 0-0 9. Rc1 Qa5 10. Qd2 Bg4 11. d5 Nd7 12. c4 Qa3 13. Be2 Rad8 14. 0-0 Bxf3 15. Bxf3 Ne5 16. Qe2 b6 17. Rc2 Rc8 18. Rd1 Qa4 19. Rdc1 Qa3 20. Rb1 h5 21. Rb3 Qa5 22. Qd1 Nxf3+ 23. gxf3 f5 24. Bg5 Rce8 25. Re2 fxe4 26. Rxe4 Qa4 27. Qe2 Qd7 28. Re6 Kh7 29. Rbe3 Rf5 30. h4 b5 31. Rxe7 Rxe7 32. Rxe7 Qd6 33. cxb5 Rxd5 34. Rxa7 Rd1+ 35. Kg2 Qd4 36. Bf6 Qxf6 37. Qxd1 c4 38. Qd7 c3 39. Rc7 g5 40. Qd3+ Kh8 41. Rc8+ Bf8 42. Qxc3 1-0